00398nam a2200157Ia 4500001000500000005001700005008004100022041000800063082001700071100002200088245007700110260000900187300002800196650000800224654000800232446920260306145758.0260306t2020||||xx |||||||||||||| ||spa|| aESP a323.042bF75 aFord, ElaineeAUT 0aEl reto de la democracia digital:bhacia una ciudadanía interconectada c2020 a174 páginas :c21 cm. aGEN aCHU